[Diseño y construccíon de un Puente de concreto sobre el Río] Cañas de San Juan de Dios de Desamparados
Gespeichert in:
| 1. Verfasser: | |
|---|---|
| Format: | Unbekannt |
| Veröffentlicht: |
[San José , Costa Rica]
1960
|
| Tags: |
Tag hinzufügen
Keine Tags, Fügen Sie den ersten Tag hinzu!
|
MARC
| LEADER | 00000 a2200000 4500 | ||
|---|---|---|---|
| 003 | 010993 | ||
| 005 | 20221231143801.0 | ||
| 008 | 140114s19 cr a m 000 ||s d | ||
| 040 | |c cru CEDI | ||
| 090 | |a TFG 054 | ||
| 100 | |a Pacheco Guardian, Roberto |9 17086 | ||
| 245 | |a [Diseño y construccíon de un Puente de concreto sobre el Río] Cañas de San Juan de Dios de Desamparados | ||
| 260 | |c 1960 |a [San José , Costa Rica] | ||
| 300 | |a (paginación variada) ; 8 fotografías originales, 1 plano | ||
| 500 | |a A la cabeza de la portada Tesis de Grado. Universidad de Costa. Escuela de Ingeniería | ||
| 501 | |a Ed. mecanografiada | ||
| 942 | |c TFG | ||
| 999 | |c 11928 |d 11928 | ||
